Effective Python: 90 Specific Ways to Write Better Python 2nd Ed. (Record no. 21011)

MARC details
000 -LEADER
fixed length control field 00380nam a22001457a 4500
008 - FIXED-LENGTH DATA ELEMENTS--GENERAL INFORMATION
fixed length control field 241109b |||||||| |||| 00| 0 eng d
020 ## - INTERNATIONAL STANDARD BOOK NUMBER
ISBN 978-93-560-6162-0
100 ## - MAIN ENTRY--AUTHOR NAME
Personal name B. Slatkin
245 ## - TITLE STATEMENT
Title Effective Python: 90 Specific Ways to Write Better Python 2nd Ed.
250 ## - EDITION STATEMENT
Edition statement 2nd Ed.
260 ## - PUBLICATION, DISTRIBUTION, ETC. (IMPRINT)
Place of publication Noida
Name of publisher Pearson Pub
Year of publication 2022
300 ## - PHYSICAL DESCRIPTION
Number of Pages 397
650 ## - SUBJECT ADDED ENTRY--TOPICAL TERM
Topical Term CSE
942 ## - ADDED ENTRY ELEMENTS (KOHA)
Source of classification or shelving scheme Dewey Decimal Classification
Koha item type Books
Holdings
Accession Number Cost, normal purchase price Bill Date Source of acquisition Price effective from Koha item type Withdrawn / writtenoff status Damaged status Not for loan Permanent Location Current Location Shelving location Date acquired Lost/ Missing status department
BE 24880 660.00 26-10-2024 ABD Publisher 11/09/2024 Books     Not For Loan MIET Library, Jammu MIET Library, Jammu 77/4 11/26/2024   BE
BE 24881 660.00 26-10-2024 ABD Publisher 11/09/2024 Books       MIET Library, Jammu MIET Library, Jammu 197/5 11/26/2024   BE
BE 24882 660.00 26-10-2024 ABD Publisher 11/09/2024 Books       MIET Library, Jammu MIET Library, Jammu 197/5 11/26/2024   BE
BE 24883 660.00 26-10-2024 ABD Publisher 11/09/2024 Books       MIET Library, Jammu MIET Library, Jammu 197/5 11/26/2024   BE
BE 24884 660.00 26-10-2024 ABD Publisher 11/09/2024 Books       MIET Library, Jammu MIET Library, Jammu 197/5 11/26/2024   BE